Deprivation : (Record no. 34241)
[ view plain ]
| 000 -LEADER | |
|---|---|
| fixed length control field | 01116cam a2200301 a 4500 |
| 001 - CONTROL NUMBER | |
| control field | 34241 |
| 003 - CONTROL NUMBER IDENTIFIER | |
| rucl marc code | BD-RjUL |
| 005 - DATE AND TIME OF LATEST TRANSACTION | |
| control field | 20211209052127.0 |
| 008 - FIXED-LENGTH DATA ELEMENTS--GENERAL INFORMATION | |
| fixed length control field | 140514t19821981ii b 101 0 eng |
| 035 ## - SYSTEM CONTROL NUMBER | |
| System control number | (BD-RjUL)34335 |
| 040 ## - CATALOGING SOURCE | |
| Original cataloging agency | DLC |
| Transcribing agency | DLC |
| Modifying agency | BD-RjUL |
| Language of cataloging | eng |
| 041 ## - LANGUAGE CODE | |
| Language code of text/sound track or separate title | eng |
| 082 00 - DEWEY DECIMAL CLASSIFICATION NUMBER | |
| Classification number | 305.906940954 |
| Edition number | 19 |
| Author mark and year | DEP 1982 |
| 245 00 - TITLE STATEMENT | |
| Title | Deprivation : |
| Remainder of title | its social roots and psychological consequences / |
| Statement of responsibility, etc. | edited by Durganand Sinha, R.C. Tripathi, Girishwar Misra. |
| 260 ## - PUBLICATION, DISTRIBUTION, ETC. (IMPRINT) | |
| Place of publication, distribution, etc. | New Delhi : |
| Name of publisher, distributor, etc. | Concept, |
| Date of publication, distribution, etc. | c1981 [Published 1982]. |
| 300 ## - PHYSICAL DESCRIPTION | |
| Pagination | xii, 269 p. ; |
| Size | 23 cm. |
| 504 ## - BIBLIOGRAPHY, ETC. NOTE | |
| Bibliography, etc | Includes bibliographical references and index. |
| 650 #0 - SUBJECT ADDED ENTRY--TOPICAL TERM | |
| Topical term or geographic name as entry element | People with social disabilities |
| Geographic subdivision | India |
| Form subdivision | Congresses. |
| 9 (RLIN) | 104072 |
| Topical term or geographic name as entry element | Poor |
| Geographic subdivision | India |
| Form subdivision | Congresses. |
| 9 (RLIN) | 104073 |
| Topical term or geographic name as entry element | Deprivation (Psychology) |
| Form subdivision | Congresses. |
| 9 (RLIN) | 104074 |
| Topical term or geographic name as entry element | Social work with people with social disabilities |
| Geographic subdivision | India |
| Form subdivision | Congresses. |
| 9 (RLIN) | 104075 |
| 700 1# - ADDED ENTRY--PERSONAL NAME | |
| Personal name | Sinha, Durganand. |
| Personal name | Tripathi, Rama Charan. |
| Personal name | Misra, Girishwar, |
| Dates associated with a name | 1951- |
| 942 ## - ADDED ENTRY ELEMENTS (KOHA) | |
| Source of classification or shelving scheme | Dewey Decimal Classification |
| Koha item type | Books |
| Lost status | Source of classification or shelving scheme | Damaged status | Not for loan | Collection code | Permanent Location | Current Location | Shelving location | Date acquired | Source of acquisition | Cost, normal purchase price | Total Checkouts | Full call number | Date last seen | Copy number | Koha item type |
|---|---|---|---|---|---|---|---|---|---|---|---|---|---|---|---|
| Dewey Decimal Classification | Non-fiction | Central Library, University of Rajshahi | Central Library, University of Rajshahi | 28/06/1986 | Karim Int. | 80.00 | 305.906940954 DEP 1982 | 14/05/2014 | C-2 | Books | |||||
| Dewey Decimal Classification | Not For Loan | Non-fiction | Central Library, University of Rajshahi | Central Library, University of Rajshahi | Reading Room | 28/06/1986 | karim International dhaka | 80.00 | 305.906940954 DEP 1982 | 14/05/2014 | C-1 | Books | |||
| Dewey Decimal Classification | Non-fiction | Central Library, University of Rajshahi | Central Library, University of Rajshahi | 29/04/1989 | Karim International. | 80.00 | 305.906940954 DEP 1982 | 15/05/2014 | C-3 | Books |